000
00249nam a2200097Ia 4500
008
170619s9999 xx 000 0 und d
100
_a
Sreekanth- P.V
245
0
_a
Digital Tranmission Hierarchies & Networks
260
_b
UNIVERSITIES PRESS
260
_c
2010
546
_a
ENGLISH
999
_c
21377
_d
21377